ბათუმის შოთა რუსთაველის სახელმწიფო უნივერსიტეტის ბიბლიოთეკა

ვახტანგ VI-ის სამართლის წიგნთა კრებული / (ბიბ.ჩანაწერი № 59038)

000 -ლიდერი
ფიქსირებული სიგრძის საკონტროლო ველი 01233nam a22002177a 4500
003 - საკონტროლო ნომრის იდენტიფიკატორი
საკონტროლო ველი Ge_BSU
005 - ბოლო ოპერაციის თარიღი და დრო
საკონტროლო ველი 20221102165957.0
008 - ფიქსირებული სიგრძის მონაცემთა ელემენტები - ზოგადი ინფორმაცია
ფიქსირებული სიგრძის საკონტროლო ველი 221102s2006 ge ||||| |||| 00| 0 geo d
041 ## - ენის კოდი
Language code of text/sound track or separate title geo
080 ## - უნივერსალური ათობითი კლასიფიკაციის ინდექსი
Universal Decimal Classification number 34(479.22)(09)+94(479.22) გ-61
100 ## - მთავარი ჩანაწერი - პიროვნების სახელი
Personal name გოგოლიშვილი, ო.
9 (RLIN) 4429
245 ## - ცნობა სათაურის შესახებ
Title ვახტანგ VI-ის სამართლის წიგნთა კრებული /
Statement of responsibility, etc ო. გოგოლიშვილი; რედ.ო. მახარაძე. შოთა რუსთაველის სახელმწ. უნ-ტი.იურიდ. მეცნ. დეპარტამენტი.
264 ## - წარმოების, გამოცემის, დისტრიბუციის და სხვა ცნობები
გამოცემის, წარმოების, დისტრიბუციის... ადგილი ბათუმი,
გამოცემის, წარმოების, დისტრიბუციის... თარიღი 2006.
300 ## - ფიზიკური აღწერა
Extent 27გვ.
Other physical details 20 სმ.
504 ## - BIBLIOGRAPHY, ETC. NOTE
Bibliography, etc ბიბლიოგრ. გვ.26
653 ## - INDEX TERM--UNCONTROLLED
Uncontrolled term ქართული სამართლის ისტორია
653 ## - INDEX TERM--UNCONTROLLED
Uncontrolled term ქართული სამართლის ძეგლები
700 ## - ADDED ENTRY--PERSONAL NAME
Personal name მახარაძე, ო.
Relator term რედაქტორი
9 (RLIN) 2877
710 ## - ADDED ENTRY--CORPORATE NAME
Corporate name or jurisdiction name as entry element შოთა რუსთაველის სახელმწ. უნ-ტი.
Subordinate unit იურიდ. მეცნ. დეპარტამენტი.
9 (RLIN) 15752
942 ## - ADDED ENTRY ELEMENTS (KOHA)
Source of classification or shelving scheme
Koha item type წიგნი
ეგზემპლარები
ჩამოწერის სტატუსი დაკარგული ეგზემპლარის სტატუსი კლასიფიკაციის წყარო ან თაროზე გაწყობის სქემა დაზიანების სტატუსი არ გაიცემა მუდმივი მდებარეობა (დაცვის ადგილი) ამჟამინდელი ადგილსამყოფელი თაროზე განთავსების ადგილი შეძენის თარიღი ღირებულება, შესყიდვის ნორმალური ფასი სრული შენახვის შიფრი შტრიხკოდი ბოლო ოპერაციის თარიღი ეგზემპლარის მიმდევრობითი ნომერი (კეტერი?) ფასის ძალაში შესვლის თარიღი ეგზემპლარის სახეობა საჯარო შენიშვნა
          ბათუმის შოთა რუსთაველის სახელმწიფო უნივერსიტეტის მთავარი ბიბლიოთეკა ბათუმის შოთა რუსთაველის სახელმწიფო უნივერსიტეტის მთავარი ბიბლიოთეკა წიგნსაცავი 2022-11-02 2.00 34(479.22)(09)+94(479.22) გ-61 28866 2022-11-02 28866 2022-11-02 წიგნი 2 ლ.
          ბათუმის შოთა რუსთაველის სახელმწიფო უნივერსიტეტის მთავარი ბიბლიოთეკა ბათუმის შოთა რუსთაველის სახელმწიფო უნივერსიტეტის მთავარი ბიბლიოთეკა წიგნსაცავი 2022-11-02 2.00 34(479.22)(09)+94(479.22) გ-61 28867 2022-11-02 28867 2022-11-02 წიგნი 2 ლ.